MÉDAILLÉE DE SA MAJESTÉ LE ROI DES PAYS-BAS DÉCORÉE DE LA CROIX DES AMBULANCES DIRA SES POÉSIES INÉDITES
محفوظ في:
المؤلف الرئيسي:
التنسيق: كتاب
اللغة: Undetermined
منشور في:
Paris
TYPOGRAPHIE MORRIS PÈRE
1883
الوسوم: إضافة وسم
لا توجد وسوم, كن أول من يضع وسما على هذه التسجيلة!
رقم الطلب: (R)P41 SAYC
| LEADER | 00411nam a2200121Ia 4500 | ||
|---|---|---|---|
| 008 | 240404s9999||||xx |||||||||||||| ||und|| | ||
| 050 | 4 | |a (R)P41 SAYC | |
| 100 | 1 | |a MLLE ROUSSEIL. | |
| 245 | 1 | 0 | |a MÉDAILLÉE DE SA MAJESTÉ LE ROI DES PAYS-BAS DÉCORÉE DE LA CROIX DES AMBULANCES DIRA SES POÉSIES INÉDITES |c MLLE ROUSSEIL |
| 264 | 1 | |a Paris |b TYPOGRAPHIE MORRIS PÈRE |c 1883 | |
| 300 | |a 58 |c 21 | ||
| 942 | |2 lcc |c BK | ||
| 999 | |c 58050 |d 58050 | ||
